00406nam a2200145 450000100060000010000400000610100080004610200070005420001140006120500130017521000340018821500170022267500090023980100120024842511 a20240110 pory50  apor aPt aTamanhas eram as alegriasfGeorge Orwellfadap. Sean Michael Wilson, il. Jaime Huablegtra d. Guilherme Pires a1.ยช ed. aLisboacCavalo de Ferrod2023 a112 p..cil. a82-9 aPTgRPC